000 01013nam a2200193 a 4500
001 50030
005 20180714034939.0
008 140415s2002 sp 000 0 spa d
020 _a8434437058
041 _aspa
082 _a616.8527
_bSTA
100 1 _aSTHAL, STEPHEN M.
245 1 0 _aPSICOFARMACOLOGIA ESENCIAL DE LA DEPRESION Y TRASTORNO BIPOLAR
250 _a1a ed.
260 _aESPAÑA :
_bARIEL,
_c2002
300 _a430
_c18.1 x 0.9 x 24
520 _aPONIENDO ENFASIS EN LA NEUROCIENCIA BAISICA DE LOS TRASTORNOS DEL HUMOR, EN ESTE TEXTO SE MUESTRA COMO ACTUAN LOS DISTINTOS ANTIDEPRESIVOS Y ESTABILIZADORES DEL HUMOR Y APORTA NUEVA INFORMACION SOBRE LA FARMACOCINETICA DE LOS ANTIDEPRESIVOS INCLUYENDO EL PAPEL DEL SISTEMA DE LA ENZIMA CITOCROMO P450 Y LOS NEUROPEPTIDOS, ENTTRE ELLOS LA SUSTANCIA P LOS MECANISMOS DE ACCION DE LOS NUEVOS ANTIDEPRESIVOS , INCLUYENDO LOS RECIENTES ISRS, TAMBIEN SON REVISADOS DE MANERA EXHAUSTIVA Y CON
650 1 4 _aDEPRESION
_xPSICOFARMACOLOGIA
999 _c50030
_d50030